000 00492nam a22001937a 4500
008 231010b |||||||| |||| 00| 0 eng d
020 _a978-93-5124-820-0
041 _aeng
082 _a630.1
_bSHA/GU
100 _aSharma, R. K
245 _aGuide for agricultural competitive examinations
250 _a3
260 _aDelhi
_bDaya Publishing House
_c2017
300 _a412
700 _aPandey,N
_92568
700 _aSingh, A.P
_91106
700 _aMaitry, R.S
_92569
942 _cBK
999 _c13784
_d13784